[Event "Buenos Aires Masters op"]
[Site "Buenos Aires"]
[Date "2023.06.16"]
[Round "3"]
[White "Elman, Cristian"]
[Black "Salvatti, Diego"]
[Result "0-1"]
[WhiteElo "1986"]
[BlackElo "1892"]
[PlyCount "118"]
[EventDate "2023.06.14"]
[EventType "swiss"]
[EventRounds "9"]
[EventCountry "ARG"]
[SourceTitle "CBM 215 Extra"]
[Source "ChessBase"]
[SourceDate "2023.09.30"]
[SourceVersion "1"]
[SourceVersionDate "2023.09.30"]
[SourceQuality "1"]

1. e4 e6 2. d4 d5 3. exd5 exd5 4. Nf3 Bd6 5. Bd3 Ne7 6. h3 Nbc6 7. c4 dxc4 8. Bxc4 0-0 9. Nc3 Bf5 10. 0-0 a6 11. Re1 Nb4 12. Ne4 c6 13. Bg5 Be6 14. Qb3 Bxc4 15. Qxc4 Nbd5 16. Rad1 Re8 17. Nc5 Qc7 18. Re2 Ng6 19. Rde1 Rxe2 20. Rxe2 h6 21. Bc1 Rb8 22. a3 Qc8 23. Nd3 Qf5 24. Bd2 Kf8 25. Nc5 Kg8 26. Qc1 Ndf4 27. Bxf4 Nxf4 28. Re3 Qg6 29. Ne1 Qg5 30. Kf1 Nd5 31. Nf3 Nxe3+ 32. fxe3 Qe7 33. Kf2 Bxc5 34. dxc5 Rd8 35. Qc3 Rd5 36. b4 Rf5 37. Qd4 Rd5 38. Qg4 Qd7 39. Qe4 a5 40. Nd4 Qd8 41. Ke2 Qf6 42. Qe8+ Kh7 43. Qe4+ g6 44. Qe8 Rd8 45. Qe4 axb4 46. axb4 Ra8 47. Qb1 Qg5 48. Kf2 Qh4+ 49. Kf1 Qg3 50. Nf3 Qc7 51. Qb3 Qe7 52. Kg1 Re8 53. Kf2 Qf6 54. b5 cxb5 55. Qxb5 Re7 56. h4 Qc3 57. h5 Qxe3+ 58. Kg3 g5 59. Qb1+ Qe4 0-1

[Event "ARG-ch sf 93rd"]
[Site "Buenos Aires"]
[Date "2018.05.26"]
[Round "8"]
[White "Elman, Cristian"]
[Black "Ferrara, Enzo"]
[Result "1/2-1/2"]
[WhiteElo "2042"]
[BlackElo "2222"]
[PlyCount "154"]
[EventDate "2018.05.19"]
[EventType "swiss"]
[EventRounds "9"]
[EventCountry "ARG"]
[SourceTitle "CBM 184 Extra"]
[Source "ChessBase"]
[SourceDate "2018.06.28"]
[SourceVersion "1"]
[SourceVersionDate "2018.06.28"]
[SourceQuality "1"]

1. e4 e6 2. d4 d5 3. e5 c5 4. c3 Nc6 5. Nf3 Bd7 6. a3 c4 7. Be2 Nge7 8. 0-0 Nf5 9. Bf4 Be7 10. Ne1 Na5 11. Nd2 Qb6 12. Rb1 Nb3 13. Nxb3 Ba4 14. Qc1 Bxb3 15. Bd1 a5 16. Bxb3 Qxb3 17. Nc2 a4 18. Ne3 Nxe3 19. Bxe3 0-0-0 20. Bg5 f6 21. Bh4 Kd7 22. exf6 gxf6 23. Re1 Qb6 24. Qc2 Qc6 25. Re3 Rde8 26. Rbe1 Bd8 27. Qe2 Rhf8 28. f4 Bc7 29. Bg3 Re7 30. Kh1 Rfe8 31. Qh5 Kc8 32. Qh3 Qd7 33. Qh6 Rf7 34. Qh5 Rff8 35. Qe2 e5 36. fxe5 fxe5 37. Bxe5 Bd8 38. Kg1 Bg5 39. Rf3 Rg8 40. Qc2 Re6 41. Ref1 Reg6 42. g3 Be7 43. Qf5 Qxf5 44. Rxf5 Rb6 45. R1f2 Bg5 46. Bf4 Bxf4 47. R5xf4 Rgg6 48. Re2 Kb8 49. Kf1 Rb5 50. Ke1 Rgb6 51. Rff2 Ka7 52. Kd1 Rh6 53. Kc1 Rbb6 54. Re5 Rbd6 55. Kd1 Kb6 56. g4 Rh4 57. g5 Kc6 58. Re7 Rg4 59. Rff7 b5 60. Rxh7 Rxg5 61. Rc7+ Kb6 62. Rb7+ Ka6 63. Ra7+ Kb6 64. Rhb7+ Kc6 65. Ra6+ Kxb7 66. Rxd6 Rg1+ 67. Kc2 Rg2+ 68. Kb1 Rxh2 69. Rxd5 Kc6 70. Re5 Rh1+ 71. Kc2 Rh2+ 72. Kc1 Rh1+ 73. Kd2 Rb1 74. Kc2 Rh1 75. Re2 Kd5 76. Re5+ Kc6 77. d5+ Kd6 1/2-1/2

[Event "ARG-ch sf 93rd"]
[Site "Buenos Aires"]
[Date "2018.05.23"]
[Round "5"]
[White "Fernandes, Martin"]
[Black "Elman, Cristian"]
[Result "0-1"]
[WhiteElo "1797"]
[BlackElo "2042"]
[PlyCount "86"]
[EventDate "2018.05.19"]
[EventType "swiss"]
[EventRounds "9"]
[EventCountry "ARG"]
[SourceTitle "CBM 184 Extra"]
[Source "ChessBase"]
[SourceDate "2018.06.28"]
[SourceVersion "1"]
[SourceVersionDate "2018.06.28"]
[SourceQuality "1"]

1. e4 d5 2. exd5 Qxd5 3. Nc3 Qa5 4. d4 Nf6 5. Bc4 c6 6. Nf3 Bf5 7. 0-0 e6 8. Bb3 Bd6 9. Qe1 Qc7 10. d5 cxd5 11. Nb5 Qd7 12. Nxd6+ Qxd6 13. Nd4 Bg6 14. Nb5 Qc5 15. Qa5 0-0 16. Be3 Qc8 17. Nxa7 Nc6 18. Nxc8 Nxa5 19. Nb6 Nxb3 20. cxb3 Rad8 21. Rfd1 e5 22. Bg5 d4 23. f4 e4 24. h3 e3 25. Rac1 Be4 26. Nc4 b5 27. Ne5 Rd6 28. Kf1 d3 29. Nxd3 Bxd3+ 30. Ke1 h6 31. Rc3 Rfd8 32. Bh4 Rd5 33. Bxf6 gxf6 34. g3 Kg7 35. h4 Kg6 36. g4 h5 37. g5 fxg5 38. fxg5 R8d6 39. a4 b4 40. Rc8 Rf5 41. Rxd3 Rxd3 42. Rc6+ f6 43. a5 Rd8 0-1

[Event "ARG-ch sf 93rd"]
[Site "Buenos Aires"]
[Date "2018.05.21"]
[Round "3"]
[White "Elman, Cristian"]
[Black "Munoz, Francisco Javier"]
[Result "0-1"]
[WhiteElo "2042"]
[BlackElo "2271"]
[PlyCount "68"]
[EventDate "2018.05.19"]
[EventType "swiss"]
[EventRounds "9"]
[EventCountry "ARG"]
[SourceTitle "CBM 184 Extra"]
[Source "ChessBase"]
[SourceDate "2018.06.28"]
[SourceVersion "1"]
[SourceVersionDate "2018.06.28"]
[SourceQuality "1"]

1. e4 d5 2. exd5 Qxd5 3. Nc3 Qa5 4. d4 Nf6 5. Bd2 Bg4 6. Nf3 Qf5 7. h3 Bxf3 8. Qxf3 Qxf3 9. gxf3 e6 10. 0-0-0 Nc6 11. Be3 0-0-0 12. f4 Kb8 13. Bg2 Ne7 14. Ne2 g6 15. c4 c6 16. Ng3 h5 17. Ne4 Nxe4 18. Bxe4 Bg7 19. Rd3 Rd7 20. Rhd1 Rhd8 21. Kc2 Bf6 22. R1d2 Nc8 23. b3 Nd6 24. Bf3 Nf5 25. d5 exd5 26. cxd5 c5 27. Kb1 b6 28. Rd1 Re7 29. Bh1 Bd4 30. Bxd4 Nxd4 31. b4 Kc7 32. bxc5 bxc5 33. Rc1 Rb8+ 34. Ka1 Nc2+ 0-1

[Event "ARG-ch sf 93rd"]
[Site "Buenos Aires"]
[Date "2018.05.19"]
[Round "1"]
[White "Elman, Cristian"]
[Black "Della Morte, German"]
[Result "0-1"]
[WhiteElo "2042"]
[BlackElo "2374"]
[PlyCount "80"]
[EventDate "2018.05.19"]
[EventType "swiss"]
[EventRounds "9"]
[EventCountry "ARG"]
[SourceTitle "CBM 184 Extra"]
[Source "ChessBase"]
[SourceDate "2018.06.28"]
[SourceVersion "1"]
[SourceVersionDate "2018.06.28"]
[SourceQuality "1"]

1. e4 e5 2. Nf3 Nc6 3. Bb5 a6 4. Ba4 Nf6 5. 0-0 Be7 6. Re1 b5 7. Bb3 d6 8. c3 0-0 9. h3 Na5 10. Bc2 c5 11. d4 Nd7 12. Nbd2 exd4 13. cxd4 Nc6 14. d5 Nce5 15. Nxe5 Nxe5 16. f4 Ng6 17. Nf3 Bh4 18. Nxh4 Qxh4 19. f5 Ne5 20. Rf1 a5 21. Bf4 Re8 22. Rf2 a4 23. b3 Bd7 24. bxa4 bxa4 25. Rb1 a3 26. Qd2 Ba4 27. Bxe5 Bxc2 28. Qxc2 Rxe5 29. Re2 g6 30. fxg6 hxg6 31. Rb3 Qe7 32. Qb1 Rxd5 33. Rb8+ Rxb8 34. Qxb8+ Kh7 35. exd5 Qxe2 36. Qxd6 Qxa2 37. Qxc5 Qa1+ 38. Kh2 Qe5+ 39. g3 Qb2+ 40. Kg1 a2 0-1

[Event "Caba Legislatura Cup"]
[Site "Caba"]
[Date "2018.04.07"]
[Round "2"]
[White "Elman, Cristian"]
[Black "Della Morte, German"]
[Result "0-1"]
[WhiteElo "1999"]
[BlackElo "2353"]
[PlyCount "50"]
[EventDate "2018.04.06"]
[EventType "swiss"]
[EventRounds "9"]
[EventCountry "ARG"]
[SourceTitle "CBM 184 Extra"]
[Source "ChessBase"]
[SourceDate "2018.06.28"]
[SourceVersion "1"]
[SourceVersionDate "2018.06.28"]
[SourceQuality "1"]

1. e4 e5 2. Nf3 Nc6 3. Bc4 Bc5 4. d3 Nf6 5. c3 0-0 6. Bg5 Be7 7. Nbd2 h6 8. Bh4 d6 9. a4 Kh8 10. h3 Nh5 11. Bxe7 Qxe7 12. g3 Nf6 13. Qe2 Be6 14. Nh4 d5 15. exd5 Nxd5 16. Qf3 Rad8 17. Ne4 Nf4 18. 0-0-0 Bxc4 19. dxc4 g6 20. Kc2 Rxd1 21. Rxd1 Ne6 22. Rd5 Kg7 23. Qg4 h5 24. Qd1 f5 25. Rd7 Ncd4+ 0-1

[Event "ARG-ch sf 92nd"]
[Site "Buenos Aires"]
[Date "2017.07.14"]
[Round "5"]
[White "Elman, Cristian"]
[Black "Pierucci, Fabian"]
[Result "1-0"]
[WhiteElo "2018"]
[BlackElo "1911"]
[PlyCount "85"]
[EventDate "2017.07.10"]
[EventType "swiss"]
[EventRounds "9"]
[EventCountry "ARG"]
[SourceTitle "EXT 2018"]
[Source "ChessBase"]
[SourceDate "2017.10.13"]
[SourceVersion "1"]
[SourceVersionDate "2017.10.13"]
[SourceQuality "1"]

1. e4 c5 2. Nf3 d6 3. Bb5+ Bd7 4. Bxd7+ Qxd7 5. c4 g6 6. 0-0 Bg7 7. d4 cxd4 8. Nxd4 Nf6 9. Nc3 Nc6 10. Nde2 Na5 11. Qd3 Qc6 12. b3 0-0 13. f3 b6 14. Be3 Nb7 15. Rac1 Nc5 16. Qd2 Ne6 17. Nd5 Rfe8 18. Nec3 Rac8 19. Rfd1 Nd7 20. f4 Qb7 21. Qf2 Nec5 22. Bd4 e5 23. fxe5 dxe5 24. Be3 Rc6 25. Qf3 Ne6 26. Rf1 f6 27. h4 Nd4 28. Qd1 Rce6 29. Ne2 Nc5 30. Ng3 Rf8 31. b4 Nd7 32. h5 Nb8 33. Qg4 Qf7 34. h6 Bh8 35. Nf5 Nxf5 36. exf5 Rc6 37. Qe4 Qe8 38. c5 Nd7 39. Ne7+ Qxe7 40. Qxc6 gxf5 41. Rxf5 Re8 42. Qd5+ Kf8 43. c6 1-0

[Event "ARG-ch sf 92nd"]
[Site "Buenos Aires"]
[Date "2017.07.11"]
[Round "2"]
[White "Elman, Cristian"]
[Black "Juarez, Facundo Andres"]
[Result "1/2-1/2"]
[WhiteElo "2018"]
[BlackElo "1828"]
[PlyCount "74"]
[EventDate "2017.07.10"]
[EventType "swiss"]
[EventRounds "9"]
[EventCountry "ARG"]
[SourceTitle "EXT 2018"]
[Source "ChessBase"]
[SourceDate "2017.10.13"]
[SourceVersion "1"]
[SourceVersionDate "2017.10.13"]
[SourceQuality "1"]

1. e4 c5 2. Nf3 e6 3. d4 cxd4 4. Nxd4 a6 5. Bd3 Nf6 6. 0-0 Bc5 7. Nb3 Be7 8. c4 d6 9. Nc3 Nbd7 10. f4 Qc7 11. Be3 0-0 12. Rc1 b6 13. g4 Bb7 14. g5 Ne8 15. Qg4 g6 16. Nd4 Nc5 17. Bb1 f5 18. gxf6 Nxf6 19. Qh3 Bc8 20. f5 e5 21. Ne6 Bxe6 22. fxe6 Qc8 23. Nd5 Nxd5 24. exd5 Qb7 25. Bh6 Rf6 26. Qg4 b5 27. Bg5 Rxf1+ 28. Rxf1 Rf8 29. Bh6 Rxf1+ 30. Kxf1 Bf6 31. Bxg6 hxg6 32. Qxg6+ Bg7 33. Bg5 Nxe6 34. dxe6 Qh1+ 35. Ke2 Qg2+ 36. Kd1 Qf1+ 37. Kc2 Qxc4+ 1/2-1/2

[Event "ARG-ch sf 92nd"]
[Site "Buenos Aires"]
[Date "2017.07.10"]
[Round "1"]
[White "Darcyl, Tomas"]
[Black "Elman, Cristian"]
[Result "1-0"]
[WhiteElo "2392"]
[BlackElo "2018"]
[PlyCount "53"]
[EventDate "2017.07.10"]
[EventType "swiss"]
[EventRounds "9"]
[EventCountry "ARG"]
[SourceTitle "EXT 2018"]
[Source "ChessBase"]
[SourceDate "2017.10.13"]
[SourceVersion "1"]
[SourceVersionDate "2017.10.13"]
[SourceQuality "1"]

1. Nf3 Nf6 2. g3 g6 3. b3 Bg7 4. Bb2 0-0 5. Bg2 c5 6. c4 Nc6 7. 0-0 d5 8. cxd5 Nxd5 9. Bxg7 Kxg7 10. d4 Qb6 11. e4 Nf6 12. d5 Rd8 13. Nbd2 Na5 14. a3 e6 15. b4 cxb4 16. axb4 Qxb4 17. Ra4 Qc5 18. Qa1 b6 19. Rc1 Qe7 20. d6 Rxd6 21. e5 Rd8 22. exf6+ Qxf6 23. Ne5 Rxd2 24. Rf4 Nb3 25. Rxf6 Nxa1 26. Rxf7+ Kg8 27. Bxa8 1-0

[Event "Buenos Aires 2000+ op"]
[Site "Buenos Aires"]
[Date "2016.05.09"]
[Round "4.3"]
[White "Cheb Terrab, Alejandro"]
[Black "Elman, Cristian"]
[Result "1-0"]
[WhiteElo "2075"]
[BlackElo "2059"]
[PlyCount "39"]
[EventDate "2016.05.02"]
[EventType "swiss"]
[EventRounds "9"]
[EventCountry "ARG"]
[SourceTitle "EXT 2024"]
[Source "ChessBase"]
[SourceDate "2023.10.10"]
[SourceVersion "1"]
[SourceVersionDate "2023.10.10"]
[SourceQuality "1"]

1. e4 c5 2. Nf3 e6 3. c4 d6 4. Nc3 Nf6 5. Be2 Be7 6. 0-0 0-0 7. d4 cxd4 8. Nxd4 a6 9. Be3 Qc7 10. Rc1 b6 11. f4 Re8 12. Bf3 Bb7 13. f5 Bd8 14. fxe6 fxe6 15. e5 dxe5 16. Nxe6 Qe7 17. Bxb7 Qxb7 18. Nxd8 Qc7 19. Rxf6 Rxd8 20. Qg4 1-0

[Event "Buenos Aires 2000+ op"]
[Site "Buenos Aires"]
[Date "2016.05.05"]
[Round "3.1"]
[White "Elman, Cristian"]
[Black "Ruperez, Miguel Angel"]
[Result "1/2-1/2"]
[WhiteElo "2059"]
[BlackElo "2215"]
[PlyCount "169"]
[EventDate "2016.05.02"]
[EventType "swiss"]
[EventRounds "9"]
[EventCountry "ARG"]
[SourceTitle "EXT 2024"]
[Source "ChessBase"]
[SourceDate "2023.10.10"]
[SourceVersion "1"]
[SourceVersionDate "2023.10.10"]
[SourceQuality "1"]

1. e4 c5 2. Nf3 e6 3. c3 Nf6 4. e5 Nd5 5. d4 cxd4 6. cxd4 d6 7. Nc3 Nxc3 8. bxc3 Qc7 9. Bd2 Bd7 10. Bd3 Bc6 11. exd6 Bxd6 12. h3 h6 13. Qe2 Nd7 14. c4 0-0 15. 0-0 Rfe8 16. Bc2 Bxf3 17. gxf3 Nf8 18. Kh1 Rac8 19. Bd3 Qe7 20. f4 Qf6 21. Qe4 Ng6 22. Rg1 Nxf4 23. Bf1 Qf5 24. Qf3 Ng6 25. Qxf5 exf5 26. c5 Bf4 27. Bb4 Red8 28. Rd1 b6 29. Bc4 bxc5 30. Bxc5 Bd6 31. Ba6 Rc7 32. Rc1 Bxc5 33. Rxc5 Rcd7 34. Bc4 Ne7 35. Re1 Kf8 36. Bb5 Rxd4 37. Rce5 Re4 38. R1xe4 fxe4 39. Rxe4 Rb8 40. a4 Nf5 41. Rc4 Nd6 42. Rc5 Nxb5 43. axb5 Rb7 44. Kg2 Ke7 45. Kf3 Kd6 46. Rf5 g6 47. Rf6+ Kc5 48. h4 h5 49. Ke4 Re7+ 50. Kd3 Kxb5 51. f4 a5 52. f5 gxf5 53. Rxf5+ Kb4 54. Rxh5 a4 55. Kc2 Re2+ 56. Kb1 Rf2 57. Rh8 Ka3 58. Rf8 Rb2+ 59. Kc1 Rh2 60. Rxf7 Rxh4 61. Rc7 Rh1+ 62. Kc2 Ka2 63. Rb7 Rh2+ 64. Kc1 Rh1+ 65. Kc2 Rh2+ 66. Kc1 a3 67. Ra7 Rb2 68. Ra8 Rb4 69. Rc8 Rf4 70. Rc3 Rg4 71. Kc2 Ra4 72. Rc8 Ra7 73. Rc3 Rb7 74. Kc1 Rb1+ 75. Kc2 Rb2+ 76. Kc1 Rb1+ 77. Kc2 Rh1 78. Rg3 Rh8 79. Rc3 Ra8 80. Rc7 Ka1 81. Rc3 a2 82. Rc7 Rb8 83. Rc3 Rb2+ 84. Kc1 Rh2 85. Rc8 1/2-1/2

[Event "Buenos Aires 110 Years Argentino CC"]
[Site "Buenos Aires"]
[Date "2015.04.23"]
[Round "6.4"]
[White "Olivera, Horacio"]
[Black "Elman, Cristian"]
[Result "0-1"]
[WhiteElo "2140"]
[BlackElo "2068"]
[PlyCount "64"]
[EventDate "2015.04.09"]
[EventType "swiss"]
[EventRounds "9"]
[EventCountry "ARG"]
[SourceTitle "EXT 2024"]
[Source "ChessBase"]
[SourceDate "2023.10.10"]
[SourceVersion "1"]
[SourceVersionDate "2023.10.10"]
[SourceQuality "1"]

1. c4 c5 2. g3 Nf6 3. Bg2 d5 4. Nf3 d4 5. d3 Nc6 6. 0-0 e5 7. e3 Bd6 8. exd4 cxd4 9. b4 Nxb4 10. Nxe5 0-0 11. a3 Na6 12. Nf3 Nc5 13. Qc2 Bf5 14. Rd1 Bd7 15. Bb2 Ba4 16. Qe2 Re8 17. Qf1 Bxd1 18. Qxd1 Ne6 19. Nbd2 Bc5 20. Nb3 b6 21. Ne5 Rc8 22. Nc6 Qc7 23. Nb4 Qd6 24. Nd5 Nc7 25. Nf4 Re7 26. Qf3 Rce8 27. Kf1 Ne6 28. Nd5 Nxd5 29. cxd5 Nc7 30. Bxd4 Bxd4 31. Nxd4 Qe5 32. Nc2 Qxa1+ 0-1

[Event "Buenos Aires CC Argentino op1"]
[Site "Buenos Aires"]
[Date "2014.07.10"]
[Round "3"]
[White "Elman, Cristian"]
[Black "Valente, Hector Manuel"]
[Result "1/2-1/2"]
[WhiteElo "2090"]
[BlackElo "1838"]
[PlyCount "114"]
[EventDate "2014.07.02"]
[EventType "swiss"]
[EventRounds "9"]
[EventCountry "ARG"]
[SourceTitle "EXT 2016"]
[Source "ChessBase"]
[SourceDate "2015.10.08"]
[SourceVersion "1"]
[SourceVersionDate "2015.10.08"]
[SourceQuality "1"]

1. e4 g6 2. d4 Bg7 3. Nc3 b6 4. Be3 Bb7 5. Qd2 Nf6 6. f3 d6 7. Bd3 Nbd7 8. Bh6 0-0 9. h4 c5 10. d5 Ne5 11. h5 Nxd3+ 12. cxd3 Kh8 13. hxg6 fxg6 14. Nge2 Rf7 15. Nf4 Bxh6 16. Rxh6 e5 17. dxe6 Rg7 18. 0-0-0 Ng8 19. Rh2 Qg5 20. Rdh1 Rf8 21. Nfe2 Qxd2+ 22. Kxd2 Rf6 23. d4 Rxe6 24. Nf4 Ree7 25. Ncd5 Bxd5 26. Nxd5 Ref7 27. Ke3 Nf6 28. Nxf6 Rxf6 29. Rd1 Rff7 30. dxc5 dxc5 31. g3 Rd7 32. Rhd2 Rxd2 33. Rxd2 Rc7 34. f4 Kg7 35. e5 h5 36. Rd6 Kf7 37. Ke4 c4 38. a4 c3 39. bxc3 Rxc3 40. Rd7+ Kg8 41. f5 gxf5+ 42. Kxf5 Rxg3 43. Rxa7 h4 44. Rb7 Ra3 45. Rxb6 Rxa4 46. e6 Kf8 47. Rb8+ Ke7 48. Rb7+ Ke8 49. Rh7 Rb4 50. Ke5 Ra4 51. Kf6 Rf4+ 52. Kg5 Rd4 53. Kf5 Ra4 54. Ke5 Rb4 55. Kd6 Rd4+ 56. Ke5 Ra4 57. Kf5 Rb4 1/2-1/2

[Event "Buenos Aires CC Argentino op"]
[Site "Buenos Aires"]
[Date "2014.05.07"]
[Round "4"]
[White "Dolezal, Cristian"]
[Black "Elman, Cristian"]
[Result "1-0"]
[WhiteElo "2405"]
[BlackElo "2121"]
[PlyCount "67"]
[EventDate "2014.04.24"]
[EventType "swiss"]
[EventRounds "9"]
[EventCountry "ARG"]
[SourceTitle "EXT 2016"]
[Source "ChessBase"]
[SourceDate "2015.10.08"]
[SourceVersion "1"]
[SourceVersionDate "2015.10.08"]
[SourceQuality "1"]

1. d4 Nf6 2. c4 c5 3. d5 e6 4. Nc3 exd5 5. cxd5 d6 6. Nf3 g6 7. Bf4 Bg7 8. Qa4+ Bd7 9. Qb3 Qc7 10. e3 0-0 11. h3 Nh5 12. Bh2 Re8 13. Be2 Nf6 14. Nd2 Na6 15. Nc4 Bf8 16. a4 Nb4 17. Rd1 a6 18. a5 Bf5 19. Rd2 Ne4 20. Nxe4 Bxe4 21. Bf3 Rad8 22. Bxe4 Rxe4 23. 0-0 Bh6 24. Kh1 f5 25. f3 Ree8 26. Rfd1 Qe7 27. Re2 Qf6 28. e4 f4 29. Bg1 Bg7 30. e5 Qf7 31. e6 Qc7 32. Bf2 Rf8 33. Nb6 Rb8 34. Rc1 1-0

[Event "Paraguay Gran Prix U2300 07"]
[Site "Paraguay"]
[Date "2013.07.29"]
[Round "9.3"]
[White "Ippoliti, Horacio Alberto"]
[Black "Elman, Cristian"]
[Result "0-1"]
[WhiteElo "2033"]
[BlackElo "2134"]
[PlyCount "106"]
[EventDate "2013.07.08"]
[EventType "swiss"]
[EventRounds "9"]
[EventCountry "ARG"]
[SourceTitle "EXT 2024"]
[Source "ChessBase"]
[SourceDate "2023.10.10"]
[SourceVersion "1"]
[SourceVersionDate "2023.10.10"]
[SourceQuality "1"]

1. d4 Nf6 2. Nc3 d5 3. Bf4 c5 4. e3 e6 5. Nb5 Na6 6. Nf3 Be7 7. Be2 0-0 8. 0-0 Nh5 9. c3 Bd7 10. a4 Nxf4 11. exf4 Nc7 12. Ne5 Nxb5 13. axb5 Be8 14. b3 Qb6 15. dxc5 Bxc5 16. b4 Bd6 17. c4 Bxe5 18. c5 Qc7 19. fxe5 Qxe5 20. b6 a6 21. Re1 Qc3 22. Qb1 Bc6 23. Bd3 g6 24. Re3 Qd4 25. Bf1 e5 26. Rd3 Qf4 27. g3 Qf5 28. Bg2 e4 29. Rda3 Rac8 30. Qb2 Rfe8 31. Re1 Qe5 32. Qxe5 Rxe5 33. f3 f5 34. f4 Re7 35. Rd1 Kg7 36. Kf2 h6 37. Ke3 Kf6 38. Bf1 g5 39. Ra2 Rg7 40. Rg2 Rcg8 41. Rdd2 gxf4+ 42. gxf4 Rg4 43. Rxg4 fxg4 44. Kd4 Kf5 45. Rf2 g3 46. hxg3 Rxg3 47. b5 axb5 48. Bxb5 Bxb5 49. c6 Bxc6 50. Rh2 Rb3 51. Rh5+ Kxf4 52. Rxh6 Rxb6 53. Rxc6 Rxc6 0-1

[Event "Paraguay Gran Prix U2300 07"]
[Site "Paraguay"]
[Date "2013.07.18"]
[Round "5.3"]
[White "Martinez, Jose Enrique"]
[Black "Elman, Cristian"]
[Result "1/2-1/2"]
[WhiteElo "1871"]
[BlackElo "2134"]
[PlyCount "156"]
[EventDate "2013.07.08"]
[EventType "swiss"]
[EventRounds "9"]
[EventCountry "ARG"]
[SourceTitle "EXT 2024"]
[Source "ChessBase"]
[SourceDate "2023.10.10"]
[SourceVersion "1"]
[SourceVersionDate "2023.10.10"]
[SourceQuality "1"]

1. e4 d5 2. exd5 Qxd5 3. Nc3 Qa5 4. Nf3 c6 5. d4 Bf5 6. Bd3 Bxd3 7. Qxd3 Nf6 8. 0-0 e6 9. Bd2 Qc7 10. Ne2 Nbd7 11. Bf4 Bd6 12. Bxd6 Qxd6 13. Rad1 0-0 14. h3 Rfd8 15. c3 Rac8 16. Qc2 c5 17. dxc5 Qxc5 18. Rd2 Re8 19. Rfd1 Re7 20. Ng3 Ne5 21. Nxe5 Qxe5 22. Qa4 Qb8 23. Qb4 Ree8 24. Qa4 Nd5 25. Rd4 b5 26. Qa3 Qb6 27. Ne4 Rc6 28. Ng5 h6 29. Nf3 Rc7 30. Re1 Rec8 31. Qb3 a5 32. a3 b4 33. axb4 axb4 34. c4 Ne7 35. Qd3 Nc6 36. Rd6 Qc5 37. b3 Ra8 38. Nd2 Ra2 39. Ne4 Qe5 40. Rd1 Ra1 41. Ng3 Ra3 42. Rb1 g6 43. Nf1 Kg7 44. Ne3 h5 45. g3 Na5 46. Rb6 Nc6 47. Nc2 Ra2 48. Nxb4 Nxb4 49. Rxb4 h4 50. Rb5 Qf6 51. Qe3 Rd7 52. Rf1 Rdd2 53. Kg2 Kh7 54. Qf3 Qxf3+ 55. Kxf3 Ra3 56. Ke4 Kg7 57. gxh4 Ra8 58. c5 Rad8 59. Kf3 R8d3+ 60. Kg2 Rb2 61. b4 Rd4 62. Rb6 Rdxb4 63. Rxb4 Rxb4 64. Rc1 Kf8 65. c6 Rb8 66. c7 Rc8 67. Kg3 Ke7 68. Kg4 f6 69. f4 Kd7 70. h5 gxh5+ 71. Kxh5 e5 72. fxe5 fxe5 73. Kg4 Rxc7 74. Rxc7+ Kxc7 75. h4 Kd7 76. h5 Ke7 77. h6 Kf6 78. h7 Kg7 1/2-1/2

[Event "Buenos Aires La Porta op-A"]
[Site "Buenos Aires"]
[Date "2012.12.16"]
[Round "2"]
[White "Lupis, Federico"]
[Black "Elman, Cristian"]
[Result "1/2-1/2"]
[WhiteElo "1962"]
[BlackElo "2134"]
[PlyCount "73"]
[EventDate "2012.12.15"]
[EventType "swiss"]
[EventRounds "9"]
[EventCountry "ARG"]
[SourceTitle "CBM 152 Extra"]
[Source "ChessBase"]
[SourceDate "2013.02.25"]
[SourceVersion "1"]
[SourceVersionDate "2013.02.25"]
[SourceQuality "1"]

1. d4 Nf6 2. c4 c5 3. e3 g6 4. Nf3 Bg7 5. Nc3 cxd4 6. exd4 d5 7. Be2 0-0 8. 0-0 Nc6 9. Bg5 dxc4 10. d5 Na5 11. Ne5 Qb6 12. Be3 Qxb2 13. Bd4 Qb4 14. Rb1 Qd6 15. Nb5 Qb8 16. Qa4 Nxd5 17. Qxa5 Bxe5 18. Bxe5 Qxe5 19. Bxc4 Be6 20. Rfe1 Qg5 21. Nc7 b6 22. Nxe6 fxe6 23. Qb5 Qf5 24. Rb2 Kg7 25. Qd7 Rac8 26. Bxd5 Qxd5 27. Qxa7 b5 28. Rbe2 Rf7 29. h3 Rc6 30. Re5 Qc4 31. R5e4 Qc5 32. Qxc5 Rxc5 33. Rxe6 Rc2 34. R1e2 Rxe2 35. Rxe2 Kf8 36. a4 bxa4 37. Re4 1/2-1/2

[Event "Buenos Aires Duchamp op 1st"]
[Site "Buenos Aires"]
[Date "2011.09.18"]
[Round "6"]
[White "Codigone, Maximiliano"]
[Black "Elman, Cristian"]
[Result "1-0"]
[WhiteElo "2021"]
[BlackElo "2170"]
[PlyCount "39"]
[EventDate "2011.09.12"]
[EventType "swiss"]
[EventRounds "9"]
[EventCountry "ARG"]
[SourceTitle "EXT 2014"]
[Source "ChessBase"]
[SourceDate "2013.11.20"]
[SourceVersion "1"]
[SourceVersionDate "2013.11.20"]
[SourceQuality "1"]

1. e4 c5 2. c3 d5 3. exd5 Qxd5 4. d4 g6 5. Nf3 Bg7 6. Na3 Nf6 7. Bc4 Qd6 8. Nb5 Qb6 9. Qb3 0-0 10. dxc5 Qxc5 11. Be3 Qc6 12. Nxa7 Rxa7 13. Bxa7 Qe4+ 14. Be3 Bh3 15. Ng5 Qxg2 16. 0-0-0 Bf5 17. Nxf7 e6 18. Nd6 Ng4 19. Bxe6+ Kh8 20. Bxf5 1-0

[Event "Buenos Aires Duchamp op 1st"]
[Site "Buenos Aires"]
[Date "2011.09.13"]
[Round "2"]
[White "Martinez, Jose Enrique"]
[Black "Elman, Cristian"]
[Result "0-1"]
[WhiteElo "1818"]
[BlackElo "2170"]
[PlyCount "70"]
[EventDate "2011.09.12"]
[EventType "swiss"]
[EventRounds "9"]
[EventCountry "ARG"]
[SourceTitle "EXT 2014"]
[Source "ChessBase"]
[SourceDate "2013.11.20"]
[SourceVersion "1"]
[SourceVersionDate "2013.11.20"]
[SourceQuality "1"]

1. c4 e5 2. Nc3 Nf6 3. d3 c6 4. g3 d5 5. cxd5 cxd5 6. Bg2 Nc6 7. Bg5 Be6 8. Nf3 Be7 9. a3 0-0 10. 0-0 h6 11. Bd2 d4 12. Nb1 a5 13. e3 Qb6 14. Bc1 dxe3 15. fxe3 e4 16. dxe4 Nxe4 17. Qa4 Nc5 18. Qd1 Nb3 19. Nc3 Nxa1 20. Nd4 Nxd4 21. exd4 Nb3 22. Be3 Rad8 23. Qe2 Nxd4 24. Qf2 f5 25. Re1 Bf6 26. Kh1 Qb3 27. Bc1 Rfe8 28. h3 Bf7 29. Rd1 Nb5 30. Rxd8 Rxd8 31. Kh2 Nxc3 32. bxc3 Qxc3 33. Be3 Bd4 34. Bxd4 Rxd4 35. Qxf5 Bd5 0-1